| 000 | 00684nam a22002177a 4500 | ||
|---|---|---|---|
| 999 |
_c13202 _d13202 |
||
| 003 | AR-CdUCM | ||
| 008 | 190411b ||||| |||| 00| 0 spa d | ||
| 040 |
_aMUNICIPALIDAD PROVINCIAL DEL CUSCO _cBIBLIOTECA MUNICIPAL DEL CUSCO |
||
| 082 |
_a890.833 / _bG39 / 1962 |
||
| 100 |
_aGheorghiu, Constantin V. _931456 |
||
| 245 | _aLa segunda oportunidad / | ||
| 260 |
_aBarcelona : _bLuis de Caralt, _c1962. |
||
| 300 |
_a426 páginas ; _c20 cm. |
||
| 505 | _aContenido: Novela. | ||
| 650 |
_aLiteratura Rumana _931457 |
||
| 650 |
_aSiglo XX _98 |
||
| 650 |
_aNovela _95 |
||
| 700 |
_aVilá de Avilés, Alberto (traducción) _931458 |
||
| 942 |
_2ddc _cLIBROS |
||
| 945 |
_aachl _d2019-04-11 |
||